Normal view MARC view
  • Bishop, Joyce

Entry Personal Name

Number of records used in: 1

001 - CONTROL NUMBER

  • control field: 37424

003 - CONTROL NUMBER IDENTIFIER

  • control field: OSt

005 - DATE AND TIME OF LATEST TRANSACTION

  • control field: 20150216132327.0

008 - FIXED-LENGTH DATA ELEMENTS

  • fixed length control field: 150216|| aca||aabn | a|a d

040 ## - CATALOGING SOURCE

  • Original cataloging agency: OSt

100 10 - HEADING--PERSONAL NAME

  • Personal name: Bishop, Joyce
  • Fuller form of name: (Joyce L.),
  • Dates associated with a name: 1950-